00797nam a2200253Ia 4500003000400000005001700004008004100021020002200062040000700084041001200091082001800103100003500121245005500156250000600211260002900217300001700246365001300263650002400276650002300300906005400323942001200377999001900389952013500408OSt20260131155247.0210423s2013 xx 000 0 und d a978-81-317-0600-8 cAL aEnglish a620.11 bVANE aVAN VLACK (Lawrence H)9103186 aElements of materials science and engineering Ed 6 a6 aNew DelhibPearsonc2013 axxi,598pbPB b650cINR aEngineering9103187 aTechnology9103188 aEd ; Elements ; engineering ; materials ; science 2ddccBK c166020d166020 001040708PHYaSACPGbSACPGd2014-11-10eIntact Bookhouseg650.00l0o620.11 VANEpPG012519r2022-08-24 00:00:00w2021-04-26yBK